UBT Library

Bazat e standardizimit dhe vlerësimit në arsim (Record no. 53)

000 -LEADER
fixed length control field 00526nam a22001817a 4500
008 - FIXED-LENGTH DATA ELEMENTS--GENERAL INFORMATION
fixed length control field 131008b xxu||||| |||| 00| 0 alb d
020 ## - INTERNATIONAL STANDARD BOOK NUMBER
International Standard Book Number 9951070949
041 0# - LANGUAGE CODE
Language code of text/sound track or separate title alb
080 ## - UNIVERSAL DECIMAL CLASSIFICATION NUMBER
Universal Decimal Classification number 006
100 ## - Rafti
Rafti Zeneli, Isuf
245 10 - TITLE STATEMENT
Title Bazat e standardizimit dhe vlerësimit në arsim
Statement of responsibility, etc Isuf Zeneli
250 ## -
-- Botim i tretë
260 ## -
-- Prishtinë :
-- Libri shkollor ;
-- 2003
300 ## -
-- 183 f. :
-- 20 cm.
505 ## -
-- Literatura : f 175-176
650 #0 -
-- Arsimi
-- Manualet, doracakët etj
-- Standardet
-- Kosovë
942 ## - ADDED ENTRY ELEMENTS (KOHA)
Source of classification or shelving scheme
Item type Books
Holdings
Withdrawn status Lost status Source of classification or shelving scheme Damaged status Not for loan Collection code Permanent location Current location Shelving location Date acquired Total Checkouts Full call number Barcode Date last seen Price effective from Koha item type
          Koleksioni i përgjithshem UBT - Prishtine UBT - Prishtine Koleksioni i përgjithshem 10/08/2013   006 ZEN 001-000039 10/08/2013 10/08/2013 Books
          Koleksioni i përgjithshem UBT - Prishtine UBT - Prishtine Koleksioni i përgjithshem 10/08/2013   006 ZEN 001-000040 10/08/2013 10/08/2013 Books
          Koleksioni i përgjithshem UBT - Prishtine UBT - Prishtine Koleksioni i përgjithshem 10/08/2013   006 ZEN 001-000041 10/08/2013 10/08/2013 Books
          Koleksioni i përgjithshem UBT - Prishtine UBT - Prishtine Koleksioni i përgjithshem 10/08/2013   006 ZEN 001-000042 10/08/2013 10/08/2013 Books
          Koleksioni i përgjithshem UBT - Prishtine UBT - Prishtine Koleksioni i përgjithshem 10/08/2013   006 ZEN 001-000043 10/08/2013 10/08/2013 Books
          Koleksioni i përgjithshem UBT - Prishtine UBT - Prishtine Koleksioni i përgjithshem 10/08/2013   006 ZEN 001-000044 10/08/2013 10/08/2013 Books
          Koleksioni i përgjithshem UBT - Prishtine UBT - Prishtine Koleksioni i përgjithshem 10/08/2013   006 ZEN 001-000045 10/08/2013 10/08/2013 Books
UBT Library © 2015-2024. All rights reserved University Education for Business and Technology